Understanding the Unix kernel (Record no. 240)
[ view plain ]
| 000 -LEADER | |
|---|---|
| Fixed length control field | 00534nam a2200193 4500 |
| 003 - CONTROL NUMBER IDENTIFIER | |
| Control field | SEACOMEC |
| 005 - DATE AND TIME OF LATEST TRANSACTION | |
| Control field | 20231017071940.0 |
| 008 - FIXED-LENGTH DATA ELEMENTS--GENERAL INFORMATION | |
| Fixed length control field | 231017b |||||||| |||| 00| 0 eng d |
| 020 ## - INTERNATIONAL STANDARD BOOK NUMBER / ISBN | |
| Price | Rs.500.00 |
| 040 ## - CATALOGING SOURCE | |
| Original cataloging agency | SEACOMEC |
| 082 1# - DEWEY DECIMAL CLASSIFICATION NUMBER | |
| Classification number | 005.268LINUX |
| Book Number | B783 |
| 100 ## - MAIN ENTRY--PERSONAL NAME | |
| Personal name | Bovel, Daniel P. |
| 245 1# - TITLE STATEMENT | |
| Title | Understanding the Unix kernel |
| Statement of responsibility | Bovel, Daniel P. and Cesati,Marco |
| 250 1# - EDITION STATEMENT | |
| Edition statement | 2 nd ed. |
| 260 1# - IMPRINT | |
| Place of publication | Mumbai |
| Name of publisher | Shroff |
| Date of publication | 2004 |
| 650 ## - SUBJECT ADDED ENTRY--TOPICAL TERM | |
| Topical term | Computer science, Programming for personal computers |
| 700 ## - ADDED ENTRY--PERSONAL NAME | |
| Personal name | Marco Cesti |
| 942 ## - ADDED ENTRY ELEMENTS (KOHA) | |
| Koha item type | Books |
| Withdrawn status | Lost status | Source of classification | Damaged status | Not for loan | Home library | Current library | Date acquired | Total Checkouts | Call number | Accession number | Date last seen | Price effective from | Koha item type | Copy number |
|---|---|---|---|---|---|---|---|---|---|---|---|---|---|---|
| Dewey Decimal Classification | SEACOM ENGINEERING COLLEGE | SEACOM ENGINEERING COLLEGE | 01/06/2006 | 005.268LINUX B783 | 00132 | 17/10/2023 | 17/10/2023 | Books | ||||||
| Dewey Decimal Classification | SEACOM ENGINEERING COLLEGE | SEACOM ENGINEERING COLLEGE | 01/06/2006 | 005.268LINUX B783 | 00133 | 17/10/2023 | 17/10/2023 | Books | 1 | |||||
| Dewey Decimal Classification | SEACOM ENGINEERING COLLEGE | SEACOM ENGINEERING COLLEGE | 01/06/2006 | 005.268LINUX B783 | 00134 | 17/10/2023 | 17/10/2023 | Books | 2 |
